Representations of affine Hecke algebras

Saved in:
Bibliographic Details
Main Author: Xi, Nanhua 1963-
Format: Book
Language:English
Published: Berlin ; New York : Springer-Verlag, c1994
Series:Lecture notes in mathematics (Springer-Verlag) ; 1587
Subjects:
Tags: Add Tag
No Tags, Be the first to tag this record!

MARC

LEADER 00000cam a2200000 i 4500
001 1/29927
008 960703s1994 eng d
020 |a 3540583890 
020 |a 0387583890 
035 |l 10038440 
035 |a 1995 
040 |a GR-MY-UA  |b gre  |e aacr 
041 0 |a eng 
082 0 |a 512.55  |2 (20) 
100 1 |a Xi, Nanhua  |d 1963- 
245 1 0 |a Representations of affine Hecke algebras /  |c Nanhua Xi 
260 |a Berlin ; New York :   |b Springer-Verlag,   |c c1994 
300 |a viii, 137 p.;  |b ill.;  |c 24 cm. 
490 1 |a Lecture notes in mathematics (Springer-Verlag)  |v ; 1587 
504 |a Includes bibliographical references (p. 129-134) and index 
650 0 0 |a Hecke algebras. 
650 0 0 |a Representations of algebras. 
830 0 |a Lecture notes in mathematics (Springer-Verlag)  |v ; 1587 
852 |a INST  |b SAMOS  |e 19960703  |h 512.55 XIN  |p 005300005352  |q 005300005352  |t BK  |y 0 
909 |a Σ  |b 039200